Kraje uznające niepodległość Republiki Chińskiej (Tajwan) - Statystyki

Ogólne statystyki
  • Ten quiz został rozwiązany 132 razy
  • Średni wynik to 9 z 16
Statystyki odpowiedzi
Kontynent Nazwa państwa % Poprawnych
Oceania Palau
70%
Ameryka Północna Belize
65%
Ameryka Północna Haiti
65%
Ameryka Północna Honduras
65%
Oceania Nauru
65%
Ameryka Północna Gwatemala
63%
Ocenia Tuvalu
63%
Ameryka Północna Salwador
61%
Ameryka Północna Nikaragua
59%
Oceania Wyspy Marshalla
53%
Oceania Kiribati
52%
Oceania Wyspy Salomona
50%
Ameryka Północna Saint Lucia
48%
Ameryka Północna Saint Vincent i Grenadyny
47%
Ameryka Północna Saint Kitts i Nevis
46%
Ameryka Południowa Paragwaj
31%
Nie znaleziono quizów pasujących do podanych kryteriów
Rozkład punktacji
Procent ludzi z każdym wynikiem
Percentyl według liczby udzielonych odpowiedzi
Twoja historia wyników
Nie rozwiązałeś tego quizu